Name the Titles of all BFDI Episodes - Statistics

General Stats
  • This quiz has been taken 378 times
    104 since last reset
  • The average score is 64 of 115
Answer Stats
Episode Name of the Episode % Correct
BFDI 1a Take the Plunge
95%
BFDI 1b Take the Plunge
84%
IDFB 1 Welcome Back
75%
BFDI 3 Are You Smarter Than a Snowball?
74%
BFB 1 Getting Teardrop to Talk
74%
TPOT 1 You Know Those Buttons Don't Do Anything, Right?
74%
BFDI 2 Barriers and Pitfalls
70%
TPOT 20 Alone
69%
BFB 30 Chapter Complete
69%
BFDI 24 Insectophobe's Nightmare 2
69%
BFDIA 3 Insectophobe's Nightmare 3
69%
TPOT 21 Insectophobe's Nightmare 6
69%
BFDI 4 Sweet Tooth
69%
BFB 15 The Four is Lava
69%
BFDIA 6 Well Rested
69%
TPOT 4 Gardening Zero
67%
BFDI 9 Insectophobe's Nightmare
67%
TPOT 2 The Worst Day of Black Hole's Life
67%
BFDIA 1 Yeah, Who I Wanna Know
67%
TPOT 18 BFB 31
66%
BFDI 20 Gardening Hero
66%
BFDIA 5a Get in the Van
66%
BFDI 6 Power of Three
66%
BFDIA 19 🥚
64%
BFDIA 18 Airplanes in the Night Sky
64%
BFB 10 Enter the Exit
64%
BFDIA 5c No More Snow!
64%
TPOT 13 Category One
62%
BFB 5 Fortunate Ben
62%
TPOT 3 Getting Puffball To Think About Rollercoasters
62%
TPOT 10 Oneirophobe's Nightmare
62%
BFDIA 14 PointyPointyPointy🎵
62%
BFDI 25 Return of the Hang Glider
62%
BFDIA 23 Shattered!
62%
BFB 29 SOS (Save Our Show)
62%
BFDIA 17 Start the Shift
62%
TPOT 6 The Great Goikian Bake-Off
62%
BFDIA 5e The Long-lost Yoyle City
62%
BFB 9 This Episode Is About Basketball
62%
BFDIA 4 Zeeky Boogy Doog
62%
TPOT 17 Bottle For Dream Island
61%
BFDI 5 Bridge Crossing
61%
BFDIA 12 Insectophobe's Nightmare 4
61%
BFB 2 Lick Your Way to Freedom
61%
TPOT 11 Out Of The Blue
61%
TPOT 16 The Power of Four
61%
TPOT 7 The Seven Wonders of Goiky
61%
BFDIA 8 Meaty
59%
BFB 8 Questions Answered
59%
BFDI 18 Reveal Novum
59%
BFDIA 10 Taste the Sweetness
59%
BFDI 17 The Reveal
59%
BFB 20 A Taste of Space
57%
TPOT 5 Fishes and Dishes
57%
BFDIA 2 Get Digging
57%
BFDI 23 Hurtful
57%
BFB 4 Today's Very Special Episode
57%
BFB 12 What Do You Think of Roleplay?
57%
BFB 17 X Marks the Spot
57%
BFDIE 4 Insectophobe's Nightmare 0
56%
BFDIA 5d It's a Monster!
56%
BFDIA 11 Lots of Mud
56%
TPOT 15 Seasonal Shift
56%
TPOT 8 Balancing P.A.C.T.
54%
BFB 28 B.F.B = Back From Beginning
54%
BFB 6 Four Goes Too Far
54%
BFB 11 Get to the Top in 500 Steps
54%
BFDIA 7 Intruder Alert
54%
BFDI 11 Lofty
54%
BFDI 7 Puzzling Mysteries
54%
BFDIA 24 Say Hijack
54%
BFDIA 15 Spore Day
54%
BFDIA 21 We're Not Friends
54%
TPOT 12 What's Up Bell's String?
54%
BFB 22 Who Stole Donut's Diary?
54%
BFDIA 22 I'm the Main Character
52%
TPOT 19 Last One Standing
52%
BFB 13 Return of the Rocket Ship
52%
BFB 16 The Escape from Four
52%
BFB 7 The Liar Ball You Don't Want
52%
BFDI 15 Vomitaco
52%
BFDIA 9 Catch These Hands
51%
BFDI 22 Don't Pierce My Flesh
51%
BFB 26 The Hidden Contestant
51%
BFDI 16 Bowling, Now with Explosions
49%
BFB 14 Don't Dig Straight Down
49%
BFB 3 Why Would You Do This on a Swingset
49%
BFDI 10 Crybaby
48%
BFDIE 1 Elsewhere on Earth
48%
BFB 19 How Loe Can You Grow
48%
BFDIA 20 Launch Party
46%
TPOT 9 Outbreak At Stake
46%
BFB 18 Take the Tower
46%
BFDI 13 Don't Lose Your Marbles
44%
BFDI 14 Half a Loaf Is Better Than None
44%
BFDIA 16 Respect to the Wicked
44%
BFDI 21 The Glistening
43%
BFB 25 The Tweested Temple
43%
BFDIA 13 Well, Look Who It Is!
43%
BFB 23 Fashion For Your Face!
41%
TPOT 14 I SAID CAREFUL
41%
BFDI 8 Cycle of Life
39%
BFB 27 Uprooting Everything
39%
BFDI 12 A Leg Up in the Race
38%
BFDIE 10 Escape Nightmare Island!
38%
BFB 21 Let's Raid The Warehouse
38%
BFB 24 The Game Has Changed
38%
BFDIE 9 The Root of All Evil
38%
BFDIE 3 Everyone's Enemies
31%
BFDI 19 Rescission
31%
BFDIE 2 The Bare Minimum
31%
BFDIE 7 One Hundred Shells, No More, No Less
26%
BFDIE 5 The Three Leg Three-Legged Race
23%
BFDIE 8 Some Assembly Required
20%
BFDIE 6 The Exploding Loser Chamber
15%
No matching quizzes found
Score Distribution
Percent of People with Each Score
Percentile by Number Answered
Your Score History
You have not taken this quiz since the last reset